000 00433 a2200133 4500
001 ART_46109
005 20260410161731.0
008 260409a
245 1 0 _aEstados contables proyectados con metodologías difusas
100 1 _aMallo, Paulino E.
700 1 _aArtola, María A.
700 1 _aMorettini, Mariano
773 0 _tEscritos contables y de administración
_g- Vol. 2, Nº 2 (jul./dic. 2011)
_wREV2758
999 _c17861
_d17861